| 000 | 00621nam a2200193 i 4500 | ||
|---|---|---|---|
| 001 | 70530 | ||
| 003 | ES-MaACL | ||
| 005 | 20250826085709.0 | ||
| 007 | t| | ||
| 008 | 040727s1954 sp ||||1| spa d | ||
| 100 | 1 |
_aGarcía Venero, Maximiano. _955393 |
|
| 245 | 1 | 0 |
_aMelquíades Álvarez _b: historia de un liberal / _cMaximiano García Venero ; prólogo de Azorín (seud.). |
| 260 |
_aMadrid : _bAlhambra, _c1954. |
||
| 300 |
_a390 p., 4 lám. ; _c27 cm. |
||
| 600 | 1 | 7 |
_aÁlvarez, Melquíades, _d1864-1936 _2embne _920665 |
| 700 | 0 |
_aAzorín, _d1873-1967 _924326 |
|
| 852 |
_aES-MaACL _jC-7279 |
||
| 999 |
_c70530 _d70530 |
||